Pop Punk Bands By Their Most Popular Songs - Statistics

General Stats
  • This quiz has been taken 3,817 times
  • The average score is 10 of 15
Answer Stats
Songs Band % Correct
Boulevard Of Broken Dreams, Wake Me Up When September Ends, Good Riddance Green Day
98%
I Miss You, All The Small Things, Adam's Song, Bored To Death blink-182
92%
Welcome To The Black Parade, Teenagers, Famous Last Words My Chemical Romance
88%
Centuries, Thnks Fr Th Mmrs, Sugar We're Going Down Swinging Fall Out Boy
86%
This Is Gospel, I Write Sins Not Tragedies, Death Of A Bachelor Panic! At The Disco
82%
Misery Business, Ain't It Fun, Still Into You Paramore
80%
In Too Deep, Fat Lip, Still Waiting Sum 41
77%
You're Gonna Go Far Kid, Come Out And Play, The Kids Aren't Alright The Offspring
68%
The Anthem, I Just Wanna Live, Girls And Boys Good Charlotte
66%
Weightless, Remembering Sunday, Dear Maria Count Me In All Time Low
65%
Welcome To My Life, Untitled, Perfect Simple Plan
49%
Throne, Drown, Can You Feel My Heart Bring Me The Horizon
47%
My Friends Over You, Hit Or Miss, Dressed To Kill New Found Glory
38%
Terrible Things, Miserable At Best, Jamie All Over Mayday Parade
33%
All I Want, If It Means A Lot To You, Have Faith In Me A Day To Remember
32%
No matching quizzes found
Score Distribution
Percent of People with Each Score
Percentile by Number Answered
Your Score History
You have not taken this quiz